Yield and Fruit Quality of Litchi (Litchi Chinensis Sonn.) under Organic and Inorganic Farming Systems (Record no. 50257)

MARC details
000 -LEADER
fixed length control field 00469nam a22001697a 4500
003 - CONTROL NUMBER IDENTIFIER
control field OSt
008 - FIXED-LENGTH DATA ELEMENTS--GENERAL INFORMATION
fixed length control field 260429b |||||||| |||| 00| 0 eng d
082 ## - DEWEY DECIMAL CLASSIFICATION NUMBER
Classification number 634.6
Item number M30Y
100 ## - MAIN ENTRY--PERSONAL NAME
Personal name Kumar, Manoj
245 ## - TITLE STATEMENT
Title Yield and Fruit Quality of Litchi (Litchi Chinensis Sonn.) under Organic and Inorganic Farming Systems
260 ## - PUBLICATION, DISTRIBUTION, ETC. (IMPRINT)
Place of publication, distribution, etc Pusa, Samastipur
Name of publisher, distributor, etc RAU
Date of publication, distribution, etc 2007
300 ## - PHYSICAL DESCRIPTION
Extent 42P.
502 ## - DISSERTATION NOTE
Degree type Msc.
Year degree granted 2007
650 ## - SUBJECT ADDED ENTRY--TOPICAL TERM
Topical term or geographic name as entry element Pomology
650 ## - SUBJECT ADDED ENTRY--TOPICAL TERM
Topical term or geographic name as entry element Horticulture
942 ## - ADDED ENTRY ELEMENTS (KOHA)
Koha item type Thesis
Source of classification or shelving scheme
Holdings
Withdrawn status Lost status Source of classification or shelving scheme Damaged status Not for loan Home library Current library Date acquired Total Checkouts Full call number Barcode Date last seen Bill Date Koha item type
          Dr. Rajendra Prasad Central Agricultural University Pusa, Dr. Rajendra Prasad Central Agricultural University Pusa, 29/04/2026   634.6 M30Y 55495 29/04/2026 29/04/2026 Thesis
Hosted, Implemented, Customized & Maintained by: BestBookBuddies

Powered by Koha